Normal view
MARC view
- Siyāl, Vāḥid Bak̲h̲sh,
Entry Personal Name
001 - CONTROL NUMBER
- control field: 1635
003 - CONTROL NUMBER IDENTIFIER
- control field: NUST
005 - DATE AND TIME OF LATEST TRANSACTION
- control field: 20170530131257.0
008 - FIXED-LENGTH DATA ELEMENTS
- fixed length control field: 170530|| aca||aabn | a|a d
040 ## - CATALOGING SOURCE
- Original cataloging agency: NUST
- Transcribing agency: NUST
100 ## - HEADING--PERSONAL NAME
- Personal name: Siyāl, Vāḥid Bak̲h̲sh,
- Dates associated with a name: 1910-
- Relator term: translator.
670 ## - SOURCE DATA FOUND
- Source citation: Work cat.: (NUST)0: Hujvīrī, ʻAlī ibn ʻUs̲mān, -approximately 1072, author. 1630, The kashful mahjub :
